000 00749cab a2200229 4500
001 WB3440-21
008 090401t1998 xxu||||| |||| 00| 0 eng d
035 _a(Sirsi) u89133
041 _aeng
245 _aBacking for right to roam
260 _c1998
350 _a0
490 _aGuardian
_v19 October 1998, 1 and 8(3)
520 _aA Government survey carried out over five months indicates that 80% of those surveyed were in favour of early legislation to allow freedom to roam over open land.
650 _aACCESS TO THE COUNTRYSIDE
650 _aCOUNTRY LANDOWNERS ASSOCIATION
650 _aRAMBLERS ASSOCIATION
650 _aRIGHT TO ROAM
690 _aHIGHWAYS RIGHTS OF WAY AND EASEMENTS
942 _n0
948 _c20/10/1998
999 _c56360
_d56360